Mind and world : (Record no. 171704)

MARC details
000 -LEADER
fixed length control field 00906cam a2200277 i 4500
001 - CONTROL NUMBER
control field 34839690
003 - CONTROL NUMBER IDENTIFIER
control field OSt
005 - DATE AND TIME OF LATEST TRANSACTION
control field 20250428153007.0
008 - FIXED-LENGTH DATA ELEMENTS--GENERAL INFORMATION
fixed length control field 960528s1996 mau b 001 0 eng
020 ## - INTERNATIONAL STANDARD BOOK NUMBER
International Standard Book Number 0674576101
Qualifying information (pbk.)
020 ## - INTERNATIONAL STANDARD BOOK NUMBER
International Standard Book Number 9780674576100 (paperback)
040 ## - CATALOGING SOURCE
Original cataloging agency DLC
Language of cataloging eng
Description conventions rda
Transcribing agency DLC
Modifying agency NUST
050 10 - LIBRARY OF CONGRESS CALL NUMBER
Classification number BD418.3 MCD
100 1# - MAIN ENTRY--PERSONAL NAME
Personal name McDowell, John
Relator term Author
245 10 - TITLE STATEMENT
Title Mind and world :
Remainder of title with a new introduction /
Statement of responsibility, etc. John McDowell.
260 ## - PUBLICATION, DISTRIBUTION, ETC.
Place of publication, distribution, etc. Cambridge, Massachusetts :
Name of publisher, distributor, etc. Harvard University Press,
Date of publication, distribution, etc. 1996.
300 ## - PHYSICAL DESCRIPTION
Extent xxiv, 191 pages ;
Dimensions 24 cm.
336 ## - CONTENT TYPE
Content type term text
Content type code txt
Source rdacontent
337 ## - MEDIA TYPE
Media type term unmediated
Media type code n
Source rdamedia
338 ## - CARRIER TYPE
Carrier type term volume
Carrier type code nc
Source rdacarrier
504 ## - BIBLIOGRAPHY, ETC. NOTE
Bibliography, etc. note Includes bibliographical references and index.
650 #0 - SUBJECT ADDED ENTRY--TOPICAL TERM
Form subdivision Philosophy of mind.
650 #0 - SUBJECT ADDED ENTRY--TOPICAL TERM
Form subdivision Knowledge, Theory of.
650 #0 - SUBJECT ADDED ENTRY--TOPICAL TERM
Form subdivision Concepts.
942 ## - ADDED ENTRY ELEMENTS (KOHA)
Source of classification or shelving scheme Library of Congress Classification
Koha item type Ordinary Loan Books
Classification part BD418.3 MCD
Call number prefix BD
Call number suffix MCD
Suppress in OPAC No
Holdings
Withdrawn status Lost status Source of classification or shelving scheme Damaged status Not for loan Collection Home library Current library Shelving location Date acquired Source of acquisition Cost, normal purchase price Total Checkouts Full call number Barcode Date last seen Accession number Cost, replacement price Price effective from Koha item type Public note
    LCC     NFIC MAIN MAIN GEN 04/28/2025 Book Aid International 33.00   BD418.3 MCD 92004054879 04/28/2025 61416 33.00 04/28/2025 BOOKS Donation